[Event "Montecatini Terme"]
[Site "Montecatini Terme"]
[Date "2004.11.09"]
[Round "4"]
[White "Di Caro, Calogero"]
[Black "Cappadona, Salvatore"]
[Result "1/2-1/2"]
[WhiteElo "2317"]
[BlackElo "2268"]
[PlyCount "69"]
[EventDate "2004.11.06"]
[EventType "tourn"]
[EventRounds "11"]
[EventCountry "ITA"]
[EventCategory "2"]
[SourceTitle "EXT 2006"]
[Source "ChessBase"]
[SourceDate "2005.11.24"]
[SourceVersion "1"]
[SourceVersionDate "2005.11.24"]
[SourceQuality "1"]

1. g3 f5 2. Bg2 Nf6 3. c4 d6 4. Nc3 g6 5. d3 Bg7 6. e4 c6 7. Nge2 0-0 8. 0-0 a5 9. h3 Na6 10. Be3 fxe4 11. dxe4 Be6 12. b3 Nd7 13. Bd4 Bf7 14. Bxg7 Kxg7 15. f4 Qb6+ 16. Kh2 Nac5 17. Rb1 Qc7 18. Qd2 Rad8 19. Nd1 Nf6 20. Qc2 e5 21. f5 d5 22. cxd5 cxd5 23. Rc1 b6 24. exd5 Nxd5 25. Nec3 Nb4 26. Qe2 gxf5 27. Rxf5 Nbd3 28. Qg4+ Bg6 29. Rxf8 Rxf8 30. Nd5 Qd8 31. Ra1 Nf2 32. Qe2 Nfd3 33. Qg4 Nf2 34. Qe2 Nfd3 35. Qg4 1/2-1/2

[Event "Montecatini Terme"]
[Site "Montecatini Terme"]
[Date "2004.11.09"]
[Round "5"]
[White "Sozzi, Stefano"]
[Black "Di Caro, Calogero"]
[Result "0-1"]
[WhiteElo "1521"]
[BlackElo "2317"]
[PlyCount "34"]
[EventDate "2004.11.06"]
[EventType "tourn"]
[EventRounds "11"]
[EventCountry "ITA"]
[EventCategory "2"]
[SourceTitle "EXT 2006"]
[Source "ChessBase"]
[SourceDate "2005.11.24"]
[SourceVersion "1"]
[SourceVersionDate "2005.11.24"]
[SourceQuality "1"]

1. e4 e6 2. d4 d5 3. e5 c5 4. Nf3 Nc6 5. c3 Qb6 6. Bd3 cxd4 7. cxd4 Bd7 8. Be2 Nge7 9. b3 Nf5 10. Bb2 Bb4+ 11. Kf1 0-0 12. h4 f6 13. g4 Nh6 14. g5 Nf5 15. gxf6 gxf6 16. exf6 Rxf6 17. Ne5 Ne3+ 0-1